Countries With Compound Names - Statistics

General Stats
  • This quiz has been taken 74 times
  • The average score is 27 of 36
Answer Stats
Countries % Correct
{Antigua} and {Barbuda}
96%
{Trinidad} and {Tobago}
94%
{United} {States}
91%
{Dominican} {Republic}
88%
{South} {Africa}
88%
{United} {Kingdom}
88%
{South} {Korea}
87%
{United} {Arab} {Emirates}
85%
{Bosnia} and {Herzegovina}
84%
{North} {Korea}
84%
{Saint} {Lucia}
84%
{Marshall} {Islands}
81%
{Guinea}-{Bissau}
79%
{South} {Sudan}
79%
{El} {Salvador}
78%
{Sao} {Tome} and {Principe}
78%
{Solomon} {Islands}
78%
{North} {Macedonia}
76%
{Central} {African} {Republic}
75%
{San} {Marino}
75%
{Costa} {Rica}
74%
{East} {Timor}
74%
{Equatorial} {Guinea}
74%
{Papua} {New} {Guinea}
74%
{Sri} {Lanka}
74%
{Cape} {Verde}
72%
{New} {Zealand}
72%
{Vatican} {City}
72%
{Saint} {Kitts} and {Nevis}
66%
{Saudi} {Arabia}
66%
{Burkina} {Faso}
62%
{Sierra} {Leone}
60%
{Ivory} {Coast}
59%
{Czech} {Republic}
57%
{Saint} {Vincent} and the {Grenadines}
41%
{Democratic} {Republic} of the {Congo}
40%
No matching quizzes found
Score Distribution
Percent of People with Each Score
Percentile by Number Answered
Your Score History
You have not taken this quiz